000 00676nam a2200229 i 4500
001 bg
100 1 _aRUDNICKI, Andrzej
245 1 0 _aRybactwo jeziorowe /
_cAndrzej Rudnicki, Jerzy Waluga, Tadeusz Waluś.
260 _aWarszawa :
_bPaństwowe Wydawnictwa Rolnicze i Leśne,
_c1971.
300 _a402, [1] s. :
_bil. ;
_c24 cm.
504 _aBibliogr., indeks.
650 9 _aRyby słodkowodne
_xhodowla
650 9 _aRyby słodkowodne
_xpołowy
650 9 _aJeziora
_xekologia
700 1 _aWALUGA, Jerzy
700 1 _aWALUŚ, Tadeusz
040 _cBPK
041 0 _apol
080 _a639.21:639.3:574.5
942 _cKS
008 s pl f |000 0 pol
999 _c44294
_d44294
856 _uhttp://koha.tu.koszalin.pl/cgi-bin/koha/opac-detail.pl?biblionumber=44294
_yKatalog online BPK